[Event "Madrid-chT 2324"]
[Site "Madrid"]
[Date "2023.12.03"]
[Round "3.1"]
[White "Moreno Ruiz, Javier"]
[Black "Reyes Larena, Juan"]
[Result "1/2-1/2"]
[WhiteElo "2401"]
[BlackElo "2443"]
[PlyCount "109"]
[EventDate "2023.11.19"]
[EventType "team-tourn"]
[EventRounds "14"]
[EventCountry "ESP"]
[SourceTitle "AjedrezenMadrid"]
[Source "lmi"]
[SourceDate "2023.11.19"]
[SourceVersion "1"]
[SourceVersionDate "2024.03.19"]
[SourceQuality "1"]
[WhiteTeam "Mostoles"]
[BlackTeam "San Sebastian de los Reyes"]
[WhiteTeamCountry "ESP"]
[BlackTeamCountry "ESP"]

1. e4 e5 2. Nf3 Nc6 3. Nc3 g6 4. d4 exd4 5. Nxd4 Bg7 6. Be3 Nge7 7. Qd2 d5 8.
Nxc6 bxc6 9. O-O-O Be6 10. Bh6 O-O 11. h4 dxe4 12. Bxg7 Qxd2+ 13. Rxd2 Kxg7 14.
Nxe4 Rad8 15. Nc5 Rxd2 16. Kxd2 Rd8+ 17. Kc1 Bc8 18. Bd3 Rd5 19. Re1 Kf8 20.
Ne4 Ng8 21. Nc3 Rd4 22. Re4 Rxe4 23. Bxe4 Bd7 24. Kd2 Ke7 25. Bf3 Nh6 26. Ne4
f6 27. Nc5 Nf7 28. Kc3 Ne5 29. Be2 Bf5 30. f4 Nd7 31. Nxd7 Kxd7 32. g4 Be4 33.
g5 Ke6 34. Bg4+ Bf5 35. Bf3 c5 36. Kd2 a5 37. a3 fxg5 38. hxg5 Kd6 39. c3 c4
40. Ke3 c5 41. Bd1 Kd5 42. Ba4 Bb1 43. Be8 Ke6 44. Bb5 Kd5 45. Ba6 Bf5 46. Bb7+
Kd6 47. Bf3 Ke6 48. Be2 Kd5 49. Bf1 Be6 50. Bg2+ Kd6 51. Be4 Bf5 52. Bg2 Ke6
53. Bf1 Kd5 54. Be2 Be6 55. Bf3+ 1/2-1/2

[Event "Madrid-chT 2324"]
[Site "Madrid"]
[Date "2023.12.03"]
[Round "3.1"]
[White "Plazuelo Pascual, Juan"]
[Black "Martinez Reyes, Pedro Ramon"]
[Result "1/2-1/2"]
[WhiteElo "2421"]
[BlackElo "2342"]
[PlyCount "57"]
[EventDate "2023.11.19"]
[EventType "team-tourn"]
[EventRounds "14"]
[EventCountry "ESP"]
[SourceTitle "AjedrezenMadrid"]
[Source "lmi"]
[SourceDate "2023.11.19"]
[SourceVersion "1"]
[SourceVersionDate "2024.03.19"]
[SourceQuality "1"]
[WhiteTeam "Alcorcon Diagonal"]
[BlackTeam "Blanco y Negro"]
[WhiteTeamCountry "ESP"]
[BlackTeamCountry "ESP"]

1. e4 e6 2. d4 d5 3. Nc3 Nf6 4. Bg5 dxe4 5. Nxe4 Nbd7 6. Nf3 Be7 7. Nxf6+ Bxf6
8. h4 c5 9. dxc5 h6 10. Bxf6 Qxf6 11. Qd4 Qxd4 12. Nxd4 Nxc5 13. Rh3 O-O 14.
Re3 Bd7 15. O-O-O Rfd8 16. f4 Rac8 17. Be2 Bc6 18. g4 Bg2 19. Rc3 a6 20. Nf3
Ne4 21. Rxc8 Rxc8 22. Ne5 Nf6 23. Rd4 Nd5 24. Kd2 f6 25. Nf3 Kf8 26. g5 Ke7 27.
f5 Bh3 28. fxe6 Bxe6 29. gxh6 1/2-1/2

[Event "Madrid-chT 2324"]
[Site "Madrid"]
[Date "2023.12.03"]
[Round "3.1"]
[White "Vazquez Igarza, Renier"]
[Black "Perez Gonzalez, Jose Manuel"]
[Result "1-0"]
[WhiteElo "2517"]
[BlackElo "2195"]
[PlyCount "79"]
[EventDate "2023.11.19"]
[EventType "team-tourn"]
[EventRounds "14"]
[EventCountry "ESP"]
[SourceTitle "AjedrezenMadrid"]
[Source "lmi"]
[SourceDate "2023.11.19"]
[SourceVersion "1"]
[SourceVersionDate "2024.03.19"]
[SourceQuality "1"]
[WhiteTeam "Collado Villalba"]
[BlackTeam "San Fernando de Henares"]
[WhiteTeamCountry "ESP"]
[BlackTeamCountry "ESP"]

1. Nf3 c5 2. c4 g6 3. d4 cxd4 4. Nxd4 Nc6 5. e4 Nf6 6. Nc3 d6 7. Nc2 Bg7 8. Be2
O-O 9. O-O Nd7 10. Bd2 a5 11. Na3 Nc5 12. Nab5 Nd4 13. Nxd4 Bxd4 14. Bh6 Bxc3
15. Bxf8 Bxb2 16. Rb1 Bf6 17. Bh6 Nxe4 18. Bd2 Qc7 19. Rb3 Be6 20. Qc1 d5 21.
Bf4 Qc6 22. Bf3 dxc4 23. Re3 Bd5 24. Rd1 e6 25. Bxe4 Rd8 26. Bf3 b5 27. Be5
Bxe5 28. Rxe5 b4 29. h4 c3 30. Qg5 Rd7 31. Bxd5 exd5 32. Rde1 Kg7 33. Re8 Qd6
34. h5 h6 35. Qg4 d4 36. hxg6 f6 37. Qf5 c2 38. Qxc2 d3 39. Qd2 Kxg6 40. R8e3
1-0

[Event "Madrid-chT 2324"]
[Site "Madrid"]
[Date "2023.12.03"]
[Round "3.2"]
[White "Aranda Marin, Cristian"]
[Black "Elissalt Cardenas, Hector"]
[Result "0-1"]
[WhiteElo "2364"]
[BlackElo "2337"]
[PlyCount "60"]
[EventDate "2023.11.19"]
[EventType "team-tourn"]
[EventRounds "14"]
[EventCountry "ESP"]
[SourceTitle "AjedrezenMadrid"]
[Source "lmi"]
[SourceDate "2023.11.19"]
[SourceVersion "1"]
[SourceVersionDate "2024.03.19"]
[SourceQuality "1"]
[WhiteTeam "Villalba 64"]
[BlackTeam "Tajamar"]
[WhiteTeamCountry "ESP"]
[BlackTeamCountry "ESP"]

1. Nf3 Nf6 2. g3 b5 3. d4 Bb7 4. Bg2 e6 5. O-O Be7 6. Bg5 h6 7. Bxf6 Bxf6 8. c3
a6 9. Qd3 d5 10. Nbd2 Nd7 11. a4 c6 12. e4 O-O 13. exd5 exd5 14. Nb3 Qb6 15.
Bh3 bxa4 16. Rxa4 Bc8 17. Nfd2 c5 18. Qc2 Qc7 19. Bg2 cxd4 20. Bxd5 Nb6 21.
Bxa8 Nxa4 22. Nxd4 Bd7 23. Qe4 Nxb2 24. Bd5 Na4 25. Rc1 Nxc3 26. N2f3 Qa5 27.
Rxc3 Qxc3 28. Nf5 Re8 29. Qf4 Qd3 30. N5d4 Bh3 0-1

[Event "Madrid-chT 2324"]
[Site "Madrid"]
[Date "2023.12.03"]
[Round "3.2"]
[White "Bolado Saez, Sergio"]
[Black "Neagu, Roberto Florin"]
[Result "1/2-1/2"]
[WhiteElo "2312"]
[BlackElo "2268"]
[PlyCount "98"]
[EventDate "2023.11.19"]
[EventType "team-tourn"]
[EventRounds "14"]
[EventCountry "ESP"]
[SourceTitle "AjedrezenMadrid"]
[Source "lmi"]
[SourceDate "2023.11.19"]
[SourceVersion "1"]
[SourceVersionDate "2024.03.19"]
[SourceQuality "1"]
[WhiteTeam "Blanco y Negro"]
[BlackTeam "Alcorcon Diagonal"]
[WhiteTeamCountry "ESP"]
[BlackTeamCountry "ESP"]

1. d4 Nf6 2. Nf3 e6 3. c4 c5 4. d5 exd5 5. cxd5 d6 6. Nc3 g6 7. Bf4 Bg7 8. e3
O-O 9. Be2 Na6 10. Nd2 Nc7 11. e4 Re8 12. a4 b6 13. O-O Ba6 14. Bxa6 Nxa6 15.
f3 Nh5 16. Be3 f5 17. g4 f4 18. Bf2 Nf6 19. Nc4 Bf8 20. Bh4 h6 21. Nb5 g5 22.
Be1 Nc7 23. Bc3 Nxb5 24. axb5 Nd7 25. Re1 Qc7 26. e5 dxe5 27. d6 Qb7 28. Bxe5
Re6 29. Bc3 Rae8 30. Rxe6 Rxe6 31. Qd3 Qa8 32. Kf2 Bg7 33. Rd1 Qe8 34. Qd5 Kh8
35. Qd3 Kg8 36. Ra1 Qa8 37. h3 Bxc3 38. bxc3 Kg7 39. Ra2 Ne5 40. Nxe5 Rxe5 41.
Re2 Qd5 42. Qxd5 Rxd5 43. Re6 c4 44. Re7+ Kf6 45. Rxa7 Rxd6 46. Rc7 Rd2+ 47.
Ke1 Rd3 48. Rxc4 Rxf3 49. Rc6+ Ke5 1/2-1/2

[Event "Madrid-chT 2324"]
[Site "Madrid"]
[Date "2023.12.03"]
[Round "3.2"]
[White "Rottenwohrer Suarez, Juan"]
[Black "Valles Moreno, Ivan"]
[Result "0-1"]
[WhiteElo "2285"]
[BlackElo "2325"]
[PlyCount "74"]
[EventDate "2023.11.19"]
[EventType "team-tourn"]
[EventRounds "14"]
[EventCountry "ESP"]
[SourceTitle "AjedrezenMadrid"]
[Source "lmi"]
[SourceDate "2023.11.19"]
[SourceVersion "1"]
[SourceVersionDate "2024.03.19"]
[SourceQuality "1"]
[WhiteTeam "San Sebastian de los Reyes"]
[BlackTeam "Mostoles"]
[WhiteTeamCountry "ESP"]
[BlackTeamCountry "ESP"]

1. d4 Nf6 2. c4 g6 3. g3 Bg7 4. Bg2 O-O 5. Nc3 d6 6. Nf3 Nbd7 7. O-O e5 8. e4
a6 9. Qc2 exd4 10. Nxd4 Re8 11. Nde2 Rb8 12. a4 Ne5 13. b3 Nc6 14. Ba3 a5 15.
Rad1 b6 16. f4 Nb4 17. Bxb4 axb4 18. Na2 Bb7 19. Nxb4 Nxe4 20. Nd5 f5 21. Rfe1
c6 22. Ndc3 Nf6 23. h3 Re3 24. Qd2 Qe7 25. Nd4 Re8 26. Rxe3 Qxe3+ 27. Qxe3 Rxe3
28. Nce2 Ne4 29. Bxe4 fxe4 30. Ne6 Rd3 31. Rb1 Bf6 32. Ng5 c5 33. b4 cxb4 34.
Rxb4 e3 35. Rb1 Rd2 36. Kf1 h6 37. Ne6 Be4 0-1

[Event "Madrid-chT 2324"]
[Site "Madrid"]
[Date "2023.12.03"]
[Round "3.3"]
[White "Centron Antuna, Daniel"]
[Black "Ruperez Benito, Antonio"]
[Result "0-1"]
[WhiteElo "2217"]
[BlackElo "2303"]
[PlyCount "142"]
[EventDate "2023.11.19"]
[EventType "team-tourn"]
[EventRounds "14"]
[EventCountry "ESP"]
[SourceTitle "AjedrezenMadrid"]
[Source "lmi"]
[SourceDate "2023.11.19"]
[SourceVersion "1"]
[SourceVersionDate "2024.03.19"]
[SourceQuality "1"]
[WhiteTeam "Tajamar"]
[BlackTeam "Villalba 64"]
[WhiteTeamCountry "ESP"]
[BlackTeamCountry "ESP"]

1. e4 e6 2. d4 d5 3. Bd3 dxe4 4. Bxe4 Nf6 5. Bf3 c5 6. Ne2 e5 7. dxe5 Qxd1+ 8.
Kxd1 Ng4 9. Bxg4 Bxg4 10. f3 Bd7 11. Bf4 Nc6 12. Nd2 O-O-O 13. Ng3 h6 14. Nge4
Be6 15. c3 g5 16. Be3 Bg7 17. Nd6+ Kb8 18. Re1 Rd7 19. Kc2 Rhd8 20. Rad1 b6 21.
f4 gxf4 22. Bxf4 Bg4 23. Nf3 Ka8 24. h3 Be6 25. g4 Ne7 26. b3 Ng6 27. Bg3 Bf8
28. Ne4 Be7 29. c4 Rh8 30. Nf6 Bxf6 31. exf6 Rxd1 32. Rxd1 Kb7 33. Rd6 Bc8 34.
Rd5 Re8 35. Kd3 Re6 36. Rd6 Re8 37. Nd2 h5 38. Rd5 h4 39. Bh2 Re1 40. Ne4 Be6
41. Rd8 Rh1 42. Bd6 Rxh3+ 43. Kd2 Rf3 44. b4 cxb4 45. Bh2 h3 46. Rd3 Rf1 47.
Ke3 Bxg4 48. Nd6+ Kc6 49. Nxf7 Rxf6 50. Nd8+ Kc5 51. Rd5+ Kxc4 52. Rd4+ Kb5 53.
Rxg4 Ne7 54. Nb7 Nd5+ 55. Kd4 Nc3 56. Be5 Rh6 57. Nd6+ Ka4 58. Kd3 h2 59. Bxc3
Rxd6+ 60. Kc2 a5 61. Rh4 Rc6 62. Rxh2 bxc3 63. Rh5 Ka3 64. Rh4 b5 65. Rh5 Ka4
66. a3 b4 67. axb4 axb4 68. Rh3 b3+ 69. Kc1 Ka3 70. Kb1 c2+ 71. Kc1 Ka2 0-1

[Event "Madrid-chT 2324"]
[Site "Madrid"]
[Date "2023.12.03"]
[Round "3.3"]
[White "Lozano Ramirez, Nestor Favian"]
[Black "Hidalgo Duque, Carlos"]
[Result "1-0"]
[WhiteElo "2204"]
[BlackElo "2280"]
[PlyCount "57"]
[EventDate "2023.11.19"]
[EventType "team-tourn"]
[EventRounds "14"]
[EventCountry "ESP"]
[SourceTitle "AjedrezenMadrid"]
[Source "lmi"]
[SourceDate "2023.11.19"]
[SourceVersion "1"]
[SourceVersionDate "2024.03.19"]
[SourceQuality "1"]
[WhiteTeam "Alcorcon Diagonal"]
[BlackTeam "Blanco y Negro"]
[WhiteTeamCountry "ESP"]
[BlackTeamCountry "ESP"]

1. g3 d5 2. Bg2 Nf6 3. c4 e6 4. Nf3 Be7 5. O-O O-O 6. b3 c5 7. Bb2 Nc6 8. e3
dxc4 9. bxc4 Qc7 10. Nc3 b6 11. Qe2 Bb7 12. Ne1 Rfd8 13. f4 a6 14. g4 Ne8 15.
g5 Na7 16. Bxb7 Qxb7 17. Rf3 b5 18. cxb5 Nxb5 19. Nd1 c4 20. Rh3 Qd5 21. Qh5
Qf5 22. Nf3 Ba3 23. Bxa3 Nxa3 24. Nf2 Nd6 25. Nd4 Qg6 26. Qf3 Nc2 27. Nc6 Re8
28. Rc1 e5 29. Nxe5 1-0

[Event "Madrid-chT 2324"]
[Site "Madrid"]
[Date "2023.12.03"]
[Round "3.3"]
[White "Moreno Ibanez, Miguel"]
[Black "Alfaya Marcelo, Roberto"]
[Result "0-1"]
[WhiteElo "2182"]
[BlackElo "2262"]
[PlyCount "72"]
[EventDate "2023.11.19"]
[EventType "team-tourn"]
[EventRounds "14"]
[EventCountry "ESP"]
[SourceTitle "AjedrezenMadrid"]
[Source "lmi"]
[SourceDate "2023.11.19"]
[SourceVersion "1"]
[SourceVersionDate "2024.03.19"]
[SourceQuality "1"]
[WhiteTeam "Mostoles"]
[BlackTeam "San Sebastian de los Reyes"]
[WhiteTeamCountry "ESP"]
[BlackTeamCountry "ESP"]

1. Nf3 d5 2. g3 c5 3. Bg2 Nc6 4. d4 e6 5. O-O Nf6 6. c4 dxc4 7. Na3 cxd4 8.
Nxc4 Be7 9. Nfe5 Bd7 10. Qb3 Qc7 11. Nxc6 Bxc6 12. Bf4 Qd8 13. Bxc6+ bxc6 14.
Ne5 c5 15. Qb7 Rc8 16. Rac1 Nd5 17. b4 O-O 18. Nc6 Rxc6 19. Qxc6 Nxb4 20. Qa4
Qa8 21. Bd2 Nd5 22. Rb1 h5 23. Rfc1 Nb6 24. Qa6 h4 25. a4 h3 26. f3 c4 27. a5
c3 28. axb6 cxd2 29. Rc7 axb6 30. Qxa8 Rxa8 31. Kf2 Bc5 32. Rd1 Ra2 33. f4 Rc2
34. Kf3 Rc3+ 35. Kg4 Bb4 36. Rb7 Rc1 0-1

[Event "Madrid-chT 2324"]
[Site "Madrid"]
[Date "2023.12.03"]
[Round "3.3"]
[White "Quispe Arteaga, Gabriel"]
[Black "Garrido Olivares, Ricard"]
[Result "1-0"]
[WhiteElo "2387"]
[BlackElo "2156"]
[PlyCount "63"]
[EventDate "2023.11.19"]
[EventType "team-tourn"]
[EventRounds "14"]
[EventCountry "ESP"]
[SourceTitle "AjedrezenMadrid"]
[Source "lmi"]
[SourceDate "2023.11.19"]
[SourceVersion "1"]
[SourceVersionDate "2024.03.19"]
[SourceQuality "1"]
[WhiteTeam "Collado Villalba"]
[BlackTeam "San Fernando de Henares"]
[WhiteTeamCountry "ESP"]
[BlackTeamCountry "ESP"]

1. c4 e6 2. Nc3 d5 3. d4 Nf6 4. cxd5 exd5 5. Bg5 c6 6. e3 Be7 7. Bd3 Nbd7 8.
Bf4 Nf8 9. Nf3 Ne6 10. Be5 g6 11. h3 O-O 12. Qc2 a5 13. g4 Re8 14. O-O-O b5 15.
Ne2 b4 16. Ng3 Ba6 17. Kb1 c5 18. Bxa6 Rxa6 19. g5 Nd7 20. dxc5 Nxe5 21. Nxe5
Bxc5 22. Ng4 Be7 23. h4 Rd6 24. Nh6+ Kg7 25. f4 Rd7 26. Ng4 Nf8 27. h5 Bxg5 28.
hxg6 fxg6 29. fxg5 Qxg5 30. Rdg1 Kh8 31. Ne2 Re4 32. Nf2 1-0

[Event "Madrid-chT 2324"]
[Site "Madrid"]
[Date "2023.12.03"]
[Round "3.4"]
[White "Gallego Bergada, Antoni"]
[Black "Centeno Mendoza, Julio Stefano"]
[Result "1/2-1/2"]
[WhiteElo "2124"]
[BlackElo "2094"]
[PlyCount "125"]
[EventDate "2023.11.19"]
[EventType "team-tourn"]
[EventRounds "14"]
[EventCountry "ESP"]
[SourceTitle "AjedrezenMadrid"]
[Source "lmi"]
[SourceDate "2023.11.19"]
[SourceVersion "1"]
[SourceVersionDate "2024.03.19"]
[SourceQuality "1"]
[WhiteTeam "San Fernando de Henares"]
[BlackTeam "Collado Villalba"]
[WhiteTeamCountry "ESP"]
[BlackTeamCountry "ESP"]

1. e4 e5 2. Nf3 Nc6 3. Bc4 Bc5 4. b4 Bxb4 5. c3 Ba5 6. d4 d6 7. Qb3 Qd7 8. O-O
Bb6 9. Bb5 a6 10. Bxc6 Qxc6 11. dxe5 Be6 12. Qc2 dxe5 13. Nxe5 Qb5 14. Nf3 Nf6
15. Ng5 Qe5 16. Nxe6 Qxe6 17. Qa4+ Qd7 18. Qb4 a5 19. Qc4 O-O 20. Bg5 Ng4 21.
h3 Ne5 22. Qe2 Rfe8 23. Nd2 Qc6 24. Rac1 Qg6 25. Be3 Rad8 26. Rfd1 Bxe3 27.
Qxe3 Rxd2 28. Rxd2 Nc4 29. Qd4 Nxd2 30. Qxd2 Qxe4 31. Qd7 Qe7 32. Rd1 b6 33.
Rd3 Qe1+ 34. Kh2 h6 35. Qxc7 Qxf2 36. Rf3 Qxa2 37. c4 Rf8 38. Qxb6 Qxc4 39.
Qxa5 Re8 40. Qc3 Qd5 41. Qc7 g6 42. Qf4 h5 43. Qf6 Qd7 44. Qf4 Re7 45. Rf2 Re6
46. Qb8+ Re8 47. Qf4 Qe6 48. Qf6 Qxf6 49. Rxf6 Kg7 50. Ra6 h4 51. Rb6 Re3 52.
Ra6 Re2 53. Rb6 f6 54. Ra6 g5 55. Rb6 Kg6 56. Ra6 Rf2 57. Kg1 Rf5 58. Rb6 Kh5
59. Kh2 Rf1 60. Rb5 f5 61. Rb8 g4 62. Rh8+ Kg5 63. Rg8+ 1/2-1/2

[Event "Madrid-chT 2324"]
[Site "Madrid"]
[Date "2023.12.03"]
[Round "3.4"]
[White "Garcia Luengo, Leandro"]
[Black "Mkrtchyan, Levon"]
[Result "1/2-1/2"]
[WhiteElo "2297"]
[BlackElo "2252"]
[PlyCount "66"]
[EventDate "2023.11.19"]
[EventType "team-tourn"]
[EventRounds "14"]
[EventCountry "ESP"]
[SourceTitle "AjedrezenMadrid"]
[Source "lmi"]
[SourceDate "2023.11.19"]
[SourceVersion "1"]
[SourceVersionDate "2024.03.19"]
[SourceQuality "1"]
[WhiteTeam "Villalba 64"]
[BlackTeam "Tajamar"]
[WhiteTeamCountry "ESP"]
[BlackTeamCountry "ESP"]

1. e4 e6 2. d4 d5 3. exd5 exd5 4. Bd3 Bd6 5. Ne2 Ne7 6. O-O O-O 7. Bg5 f6 8.
Bf4 Bf5 9. Re1 Nbc6 10. c3 Bxd3 11. Qxd3 Ng6 12. Bg3 f5 13. Bxd6 Qxd6 14. Nd2
Rae8 15. Nf3 f4 16. Kf1 Nb8 17. Neg1 Nd7 18. Rxe8 Rxe8 19. Re1 Rxe1+ 20. Nxe1
c6 21. Qe2 Nf6 22. Nd3 Ne7 23. Qe5 Qxe5 24. Nxe5 g5 25. Ke2 Kg7 26. Ngf3 h6 27.
a4 Ne4 28. Ne1 Ng6 29. Nxg6 Kxg6 30. a5 a6 31. Nd3 Kf5 32. f3 Nd6 33. b4 h5
1/2-1/2

[Event "Madrid-chT 2324"]
[Site "Madrid"]
[Date "2023.12.03"]
[Round "3.4"]
[White "Martinez Fernandez, Raul"]
[Black "Calvo Gonzalez, Jose Felix"]
[Result "0-1"]
[WhiteElo "2212"]
[BlackElo "2160"]
[PlyCount "86"]
[EventDate "2023.11.19"]
[EventType "team-tourn"]
[EventRounds "14"]
[EventCountry "ESP"]
[SourceTitle "AjedrezenMadrid"]
[Source "lmi"]
[SourceDate "2023.11.19"]
[SourceVersion "1"]
[SourceVersionDate "2024.03.19"]
[SourceQuality "1"]
[WhiteTeam "San Sebastian de los Reyes"]
[BlackTeam "Mostoles"]
[WhiteTeamCountry "ESP"]
[BlackTeamCountry "ESP"]

1. e4 c5 2. Nf3 d6 3. Bb5+ Nd7 4. Ba4 Ngf6 5. Qe2 a6 6. c4 g6 7. d4 cxd4 8.
Nxd4 Bg7 9. O-O O-O 10. Bc2 Qc7 11. b3 d5 12. exd5 Nxd5 13. Bb2 Nf4 14. Qxe7
Qc5 15. Qxc5 Nxc5 16. Rd1 Rd8 17. Kf1 Nfe6 18. Nxe6 Rxd1+ 19. Bxd1 Bxb2 20.
Nxc5 Bxa1 21. Bf3 Rb8 22. Nd2 Bd4 23. Nce4 Bf5 24. g4 Bxe4 25. Bxe4 Kg7 26. Bd5
f5 27. Nf3 Bc3 28. Ng5 fxg4 29. Ne6+ Kh6 30. Nc5 b6 31. Nd7 Rd8 32. Nxb6 Bd4
33. Na4 Rf8 34. c5 Rxf2+ 35. Ke1 Rf5 36. Bc4 Bxc5 37. Bxa6 Bd6 38. Be2 Bb4+ 39.
Kd1 Rd5+ 40. Kc1 Kg5 41. Bc4 Rf5 42. Nb6 Rf2 43. a4 Rxh2 0-1

[Event "Madrid-chT 2324"]
[Site "Madrid"]
[Date "2023.12.03"]
[Round "3.4"]
[White "Renteria Becerra, Jorge Elicer"]
[Black "Esquivias Quintero, Luis Manuel"]
[Result "0-1"]
[WhiteElo "2248"]
[BlackElo "2267"]
[PlyCount "82"]
[EventDate "2023.11.19"]
[EventType "team-tourn"]
[EventRounds "14"]
[EventCountry "ESP"]
[SourceTitle "AjedrezenMadrid"]
[Source "lmi"]
[SourceDate "2023.11.19"]
[SourceVersion "1"]
[SourceVersionDate "2024.03.19"]
[SourceQuality "1"]
[WhiteTeam "Blanco y Negro"]
[BlackTeam "Alcorcon Diagonal"]
[WhiteTeamCountry "ESP"]
[BlackTeamCountry "ESP"]

1. e4 c5 2. Nf3 d6 3. d4 cxd4 4. Qxd4 Nf6 5. Nc3 Nc6 6. Bb5 Bd7 7. Bxc6 Bxc6 8.
Bg5 e6 9. O-O-O Be7 10. Rhe1 O-O 11. Kb1 Qc7 12. Qd3 a6 13. Nd4 Rfd8 14. f4 h6
15. h4 b5 16. g4 b4 17. Nxc6 Qxc6 18. Bxf6 Bxf6 19. Ne2 Bxh4 20. Rh1 Bf6 21.
Ng3 Rac8 22. Nh5 Be7 23. Rh2 Qc4 24. Qf3 d5 25. e5 Qe4 26. Qf1 Rc4 27. g5 Rdc8
28. Rc1 g6 29. b3 Rc3 30. Nf6+ Bxf6 31. gxf6 d4 32. Rd2 a5 33. Qf2 d3 34. Re1
dxc2+ 35. Kc1 Qc6 36. Qd4 a4 37. Qxb4 axb3 38. axb3 Ra8 39. Rd6 Ra1+ 40. Kb2
Rb1+ 41. Ka2 Qa8+ 0-1

[Event "Madrid-chT 2324"]
[Site "Madrid"]
[Date "2023.12.03"]
[Round "3.5"]
[White "Cao Armillas, Jesus"]
[Black "Armesto Robledo, Sebastian Carlos"]
[Result "1-0"]
[WhiteElo "2028"]
[BlackElo "1864"]
[PlyCount "87"]
[EventDate "2023.11.19"]
[EventType "team-tourn"]
[EventRounds "14"]
[EventCountry "ESP"]
[SourceTitle "AjedrezenMadrid"]
[Source "lmi"]
[SourceDate "2023.11.19"]
[SourceVersion "1"]
[SourceVersionDate "2024.03.19"]
[SourceQuality "1"]
[WhiteTeam "Collado Villalba"]
[BlackTeam "San Fernando de Henares"]
[WhiteTeamCountry "ESP"]
[BlackTeamCountry "ESP"]

1. d4 Nf6 2. c4 e6 3. Nf3 d5 4. g3 c6 5. Bg2 Be7 6. O-O O-O 7. Qc2 Nbd7 8. Nbd2
Re8 9. Rd1 c5 10. dxc5 Bxc5 11. Nb3 Qb6 12. Nxc5 Qxc5 13. Be3 Qc7 14. Rac1 Nb6
15. cxd5 Qxc2 16. Rxc2 Nbxd5 17. Bd4 a5 18. a3 Bd7 19. b3 Rac8 20. Rdc1 Rxc2
21. Rxc2 Rc8 22. Rxc8+ Bxc8 23. Ne5 Nd7 24. Nc4 a4 25. bxa4 e5 26. Bxd5 exd4
27. Nd6 Nb6 28. Bxf7+ Kf8 29. Nxc8 Nxc8 30. Bb3 Ke7 31. f4 h6 32. Kf2 Kd6 33.
Kf3 Kc5 34. Ke4 Nd6+ 35. Ke5 Ne8 36. g4 Nd6 37. f5 Ne8 38. h4 Nf6 39. Kf4 Nd7
40. g5 d3 41. exd3 Kd4 42. f6 hxg5+ 43. hxg5 gxf6 44. g6 1-0

[Event "Madrid-chT 2324"]
[Site "Madrid"]
[Date "2023.12.03"]
[Round "3.5"]
[White "Garcia Dorado, Alberto"]
[Black "Alarcia Astiz, Carlos"]
[Result "1-0"]
[WhiteElo "2197"]
[BlackElo "2242"]
[PlyCount "129"]
[EventDate "2023.11.19"]
[EventType "team-tourn"]
[EventRounds "14"]
[EventCountry "ESP"]
[SourceTitle "AjedrezenMadrid"]
[Source "lmi"]
[SourceDate "2023.11.19"]
[SourceVersion "1"]
[SourceVersionDate "2024.03.19"]
[SourceQuality "1"]
[WhiteTeam "Alcorcon Diagonal"]
[BlackTeam "Blanco y Negro"]
[WhiteTeamCountry "ESP"]
[BlackTeamCountry "ESP"]

1. d4 c6 2. c4 d5 3. Nf3 Nf6 4. e3 Bf5 5. Nc3 e6 6. Nh4 Bg6 7. Nxg6 hxg6 8. g3
Nbd7 9. Bg2 dxc4 10. Qe2 Nb6 11. O-O Be7 12. Rd1 O-O 13. a4 a5 14. e4 Re8 15.
h4 Rc8 16. e5 Nfd5 17. Be4 Nxc3 18. bxc3 Nd5 19. Qf3 Qd7 20. h5 gxh5 21. Qxh5
f5 22. exf6 Nxf6 23. Qe2 Nxe4 24. Qxe4 Qd5 25. Re1 Qxe4 26. Rxe4 Bd6 27. Bf4
Bxf4 28. Rxf4 Rf8 29. Re4 Rf3 30. Rc1 Kf7 31. Kg2 Rf5 32. Rce1 Re8 33. g4 Rd5
34. f4 g6 35. Rh1 Kg7 36. Rhe1 Kf7 37. Rh1 Re7 38. Rh8 b5 39. Rc8 Rd6 40. Ra8
b4 41. Rxa5 b3 42. Rc5 Rb7 43. Re1 Rd8 44. Rxc4 Rdb8 45. Rxc6 b2 46. Rb1 Rb3
47. Rc7+ Kf6 48. Kf3 g5 49. fxg5+ Kxg5 50. Rc5+ Kf6 51. Ke4 Ra3 52. Kd3 Rxa4
53. Kc2 Ra2 54. Rc4 Rg8 55. Rxb2 Ra6 56. Rcb4 Rxg4 57. Rb6 Rg2+ 58. Kd3 Rg3+
59. Kc4 Ra8 60. d5 Rc8+ 61. Rc6 Rxc6+ 62. dxc6 Ke7 63. Rd2 Rg5 64. c7 Rg8 65.
Kc5 1-0

[Event "Madrid-chT 2324"]
[Site "Madrid"]
[Date "2023.12.03"]
[Round "3.5"]
[White "Medina Riesgo, Pedro"]
[Black "Hernandez Ramos, David"]
[Result "1-0"]
[WhiteElo "2162"]
[BlackElo "2105"]
[PlyCount "119"]
[EventDate "2023.11.19"]
[EventType "team-tourn"]
[EventRounds "14"]
[EventCountry "ESP"]
[SourceTitle "AjedrezenMadrid"]
[Source "lmi"]
[SourceDate "2023.11.19"]
[SourceVersion "1"]
[SourceVersionDate "2024.03.19"]
[SourceQuality "1"]
[WhiteTeam "Mostoles"]
[BlackTeam "San Sebastian de los Reyes"]
[WhiteTeamCountry "ESP"]
[BlackTeamCountry "ESP"]

1. e4 e6 2. d3 d5 3. Nd2 c5 4. Ngf3 Ne7 5. c3 Nbc6 6. g3 g6 7. Bg2 Bg7 8. O-O
b6 9. Re1 O-O 10. Nf1 d4 11. c4 Rb8 12. h4 e5 13. h5 gxh5 14. Nh4 Bg4 15. Bf3
Bxf3 16. Qxf3 Nb4 17. Re2 Ng6 18. Nf5 h4 19. Nh2 f6 20. Ng4 Rb7 21. Nxg7 Rxg7
22. Bh6 Qd7 23. Bxg7 Kxg7 24. Nh2 Nc6 25. Qf5 Qf7 26. Nf3 hxg3 27. fxg3 Nge7
28. Qg4+ Kh8 29. Nh4 Rg8 30. Qf3 Rg5 31. Rf1 Ng8 32. Qg2 Qh5 33. Rf5 Nd8 34.
Rxg5 Qxg5 35. Qf3 Ne6 36. Nf5 Nh6 37. Nxh6 Qxh6 38. Qf5 Ng5 39. Rh2 Qf8 40. a3
Kg7 41. Qd7+ Qf7 42. Qxf7+ Kxf7 43. Kf2 Kg6 44. Rh1 Ne6 45. b4 h6 46. Ke2 Kg5
47. Kd2 h5 48. Rf1 Ng7 49. bxc5 bxc5 50. Rb1 f5 51. Rb7 Ne6 52. exf5 Kxf5 53.
Rxa7 e4 54. dxe4+ Kxe4 55. Rh7 Ng5 56. Rxh5 Nf3+ 57. Kd1 d3 58. Rxc5 Kd4 59.
Rf5 Ng1 60. Kd2 1-0

[Event "Madrid-chT 2324"]
[Site "Madrid"]
[Date "2023.12.03"]
[Round "3.5"]
[White "Rodriguez Avila, Alvaro"]
[Black "Pinto, Daniel"]
[Result "1/2-1/2"]
[WhiteElo "2176"]
[BlackElo "2257"]
[PlyCount "84"]
[EventDate "2023.11.19"]
[EventType "team-tourn"]
[EventRounds "14"]
[EventCountry "ESP"]
[SourceTitle "AjedrezenMadrid"]
[Source "lmi"]
[SourceDate "2023.11.19"]
[SourceVersion "1"]
[SourceVersionDate "2024.03.19"]
[SourceQuality "1"]
[WhiteTeam "Tajamar"]
[BlackTeam "Villalba 64"]
[WhiteTeamCountry "ESP"]
[BlackTeamCountry "ESP"]

1. e4 e5 2. Nf3 Nc6 3. Bb5 a6 4. Ba4 Nf6 5. O-O b5 6. Bb3 Bc5 7. a4 Rb8 8. c3
d6 9. d4 Bb6 10. a5 Ba7 11. Be3 O-O 12. dxe5 Bxe3 13. exf6 Bf4 14. fxg7 Re8 15.
Qd5 Ne5 16. Nxe5 Be6 17. Nxf7 Qh4 18. g3 Bxd5 19. Bxd5 Qh5 20. Nxd6+ Kxg7 21.
Nf5+ Kh8 22. gxf4 c6 23. Ng3 Qh6 24. Bb3 Qxf4 25. Na3 Rb7 26. Nc2 h5 27. f3 h4
28. Ne2 Qd2 29. Kf2 Qd6 30. Rad1 Qf6 31. Ne3 Rxe4 32. Bc2 Re8 33. Rd4 Rbe7 34.
Rf4 Rxe3 35. Rxf6 Rxe2+ 36. Kg1 Rxc2 37. Rh6+ Kg7 38. Rxh4 Rxb2 39. Re4 Rxe4
40. fxe4 Re2 41. Rf5 Rxe4 42. Rc5 Ra4 1/2-1/2